يمبوذ (Record no. 109609)

MARC details
000 -LEADER
fixed length control field 00839nam a22002537a 4500
005 - DATE AND TIME OF LATEST TRANSACTION
control field 20170123162357.0
010 ## - LIBRARY OF CONGRESS CONTROL NUMBER
LC control number B-100344
020 ## - INTERNATIONAL STANDARD BOOK NUMBER
Terms of availability 250.00
035 ## - SYSTEM CONTROL NUMBER
System control number B-100344
037 ## - SOURCE OF ACQUISITION
Source of stock number/acquisition Cen Lib/Ret
040 ## - CATALOGING SOURCE
Original cataloging agency DPL
Language of cataloging UR
082 ## - DEWEY DECIMAL CLASSIFICATION NUMBER
Classification number ک
Edition number ت ر ن
100 ## - MAIN ENTRY--PERSONAL NAME
Personal name تر نّم رياض
9 (RLIN) 143464
245 ## - TITLE STATEMENT
Title يمبوذ
Remainder of title افسا نے
Statement of responsibility, etc تر نّم رياض
246 ## - VARYING FORM OF TITLE
Title proper/short title Yimbirzal/
Remainder of title by Tarannum Riyaz
260 ## - PUBLICATION, DISTRIBUTION, ETC. (IMPRINT)
Place of publication, distribution, etc نیی دہلی
Name of publisher, distributor, etc Nirali Duniya Publications
Date of publication, distribution, etc 2004
270 ## - ADDRESS
Address 358-A, Bazar Delhi gate, Darya ganj
City نیی دہلی
Postal code 110002
300 ## - PHYSICAL DESCRIPTION
Extent 185ص
Dimensions 20cm(Hb)
650 ## - SUBJECT ADDED ENTRY--TOPICAL TERM
Topical term or geographic name as entry element اردو ادب
Form subdivision
9 (RLIN) 143465
650 ## - SUBJECT ADDED ENTRY--TOPICAL TERM
Topical term or geographic name as entry element اردو -- رومانوی زبانوں کے ادب
9 (RLIN) 135016
650 ## - SUBJECT ADDED ENTRY--TOPICAL TERM
Topical term or geographic name as entry element Urdu literature
9 (RLIN) 143466
650 ## - SUBJECT ADDED ENTRY--TOPICAL TERM
Topical term or geographic name as entry element Literatures of Romance languages
9 (RLIN) 135018
942 ## - ADDED ENTRY ELEMENTS (KOHA)
Source of classification or shelving scheme Dewey Decimal Classification
Koha item type Urdu Bks
Classification part ک
Call number suffix ت ر ن
Holdings
Withdrawn status Lost status Damaged status Not for loan Home library Current library Date acquired Source of acquisition Total Checkouts Full call number Barcode Date last seen Price effective from Koha item type
Withdrawn       Central Library Central Library 12/04/2016 250.00   ک ت ر ن B-100344 12/04/2016 12/04/2016 Urdu Bks

© Delhi Public Library
Hit Counter
free hit counter